000
00301nam a2200133Ia 4500
008
100328s9999 xx 000 0 und d
082
_b
63340
100
_a
Willis Bob.
245
_a
Pace Bowling.
260
_b
Pelham Books.
630
_a
Pace Bowling.
730
_a
Pace Bowling.
942
_c
BOOK
999
_c
549228
_d
549225